|
|
|
|
| LEADER |
01089nam a22002894a 4500 |
| 001 |
14583651 |
| 005 |
20150131110839.0 |
| 008 |
130725r20102009maua b 001 0 eng |
| 010 |
|
|
|a 2006033184
|
| 020 |
|
|
|a 9780073404967 (pbk. : alk. paper)
|
| 020 |
|
|
|a 0073404969 (pbk. : alk. paper)
|
| 040 |
|
|
|a DLC
|c DLC
|d DLC
|d BD-DhAAL
|
| 050 |
0 |
0 |
|a HD58.7
|b .K5265 2008
|
| 082 |
0 |
0 |
|a 658.3
|2 22
|
| 999 |
|
|
|c 13718
|d 13718
|
| 999 |
|
|
|c 13718
|
| 100 |
1 |
|
|a Kinicki, Angelo.
|9 2333
|
| 245 |
1 |
0 |
|a Organizational behavior :
|b key concepts, skills & best practices /
|c Angelo Kinicki, Robert Kreitner.
|
| 250 |
|
|
|a 3rd ed.
|
| 260 |
|
|
|a Boston ;
|a New Delhi ;
|b McGraw-Hill,
|c 2009 [reprinted 2010]
|
| 300 |
|
|
|a xxvii, 479 p. :
|b ill. (chiefly col.) ;
|c 26 cm.
|
| 504 |
|
|
|a Includes bibliographical references and indexes.
|
| 541 |
|
|
|e 27255
|
| 650 |
|
0 |
|a Organizational behavior.
|9 6652
|
| 700 |
1 |
|
|a Kreitner, Robert.
|9 2334
|
| 942 |
|
|
|2 ddc
|c BK
|
| 952 |
|
|
|0 0
|1 0
|2 ddc
|4 0
|6 658_300000000000000_KIN
|7 0
|9 22963
|a IGS
|b IGS
|c GEN
|d 2013-07-25
|e Paragon
|g 935.00
|l 0
|o 658.3 KIN
|p 3010027255
|r 2013-07-25
|t 1
|w 2013-07-25
|y BK
|